[Event "Rodovremesterskabet Gruppe B 2004"]
[Site "Rodovre"]
[Date "2004.08.31"]
[Round "1"]
[White "Christensen, Henning"]
[Black "Hovhannes, Tutundjan"]
[Result "1-0"]
[WhiteElo "1636"]
[BlackElo "1582"]
[PlyCount "97"]
[EventDate "2004.??.??"]


1. d4 d5 2. c4 e6 3. Nc3 Nf6 4. Bg5 Nbd7 5. e3 c6 6. cxd5 exd5 7. Bd3 Be7 8.
Nf3 h6 9. Bf4 Nh5 10. Bg3 Nxg3 11. hxg3 Qc7 12. Rc1 Nf6 13. a3 Bg4 14. Qc2 Be6
15. Ne5 Ng4 16. Nxg4 Bxg4 17. Nxd5 Qa5+ 18. Nc3 Rd8 19. f3 Be6 20. Kf2 O-O 21.
Ne2 Rd6 22. Nf4 Bc8 23. Rh5 Qd8 24. b4 b6 25. Rch1 Bg5 26. Bc4 Bb7 27. Ng6 Re8
28. f4 Bf6 29. Qb3 Rd7 30. Ne5 Bxe5 31. fxe5 b5 32. Bd3 Rde7 33. R1h4 Bc8 34.
Qc2 Bd7 35. Bh7+ Kf8 36. Qe4 a5 37. Qf4 Re6 38. Qf3 axb4 39. axb4 Qe7 40. Rf4
f6 41. Bf5 Qxb4 42. Bxe6 Bxe6 43. Rxf6+ gxf6 44. Qxf6+ Bf7 45. Rxh6 Qd2+ 46.
Kg1 Qxe3+ 47. Kh2 Qxh6+ 48. Qxh6+ Ke7 49. Qd6# 1-0

[Event "Rodovremesterskabet Gruppe B 2004"]
[Site "Rodovre"]
[Date "2004.08.31"]
[Round "1"]
[White "Johansen, Erik"]
[Black "Rohder, Bjarne"]
[Result "1-0"]
[WhiteElo "1493"]
[BlackElo "1609"]
[PlyCount "73"]
[EventDate "2004.??.??"]


1. e4 c5 2. Nf3 d6 3. Nc3 Nf6 4. h3 Nc6 5. d4 cxd4 6. Nxd4 e5 7. Nb3 Be7 8. Be3
Be6 9. Be2 a6 10. O-O b5 11. a3 O-O 12. f3 Nh5 13. Qd2 Ng3 14. Rfd1 f5 15. Bf2
f4 16. Bf1 Rc8 17. Nd5 Bg5 18. Nb6 Bxb3 19. Nxc8 Nxf1 20. Qc3 Bc4 21. Nxd6 Ne3
22. Bxe3 fxe3 23. Nxc4 Nd4 24. Kh1 bxc4 25. Qxc4+ Kh8 26. c3 Qb6 27. cxd4 Qxb2
28. Ra2 Qb8 29. d5 Rc8 30. Qb4 Qa7 31. d6 a5 32. Qb3 Qa6 33. d7 Rd8 34. Rc2 Qa8
35. a4 h5 36. Qb5 Bf6 37. Rdc1 1-0

[Event "Rodovremesterskabet Gruppe B 2004"]
[Site "Rodovre"]
[Date "2004.08.31"]
[Round "1"]
[White "Jensen, Peder Raunso"]
[Black "Nielsen, Niels Holger"]
[Result "1/2-1/2"]
[WhiteElo "1509"]
[BlackElo "1550"]
[PlyCount "81"]
[EventDate "2004.??.??"]


1. d4 Nf6 2. c4 g6 3. Nc3 Bg7 4. e4 d6 5. Nf3 O-O 6. Be2 c5 7. O-O cxd4 8. Nxd4
Nc6 9. Be3 e5 10. Ndb5 Ne8 11. c5 dxc5 12. Bxc5 a6 13. Bxf8 Kxf8 14. Na3 b5 15.
Nd5 Bb7 16. Nc2 Nc7 17. Nb6 Ra7 18. Qxd8+ Nxd8 19. Nd7+ Kg8 20. Nc5 Bc8 21.
Rfd1 Nde6 22. Nxe6 Nxe6 23. Nb4 Nd4 24. Bf1 Be6 25. Rac1 f5 26. f3 Bd7 27. Rc5
Ne6 28. Rcd5 Nd4 29. Rc1 a5 30. Na6 Bc6 31. Rxc6 Nxc6 32. Bxb5 Nb4 33. Rd8+ Bf8
34. Bc4+ Kg7 35. Nxb4 axb4 36. Re8 Bc5+ 37. Kf1 Bd4 38. Rb8 Bxb2 39. Rxb4 Bd4
40. a4 Rc7 41. Ke2 1/2-1/2

[Event "Rodovremesterskabet Gruppe B 2004"]
[Site "Rodovre"]
[Date "2004.09.23"]
[Round "1"]
[White "Hansen, Ernst Mader"]
[Black "Madhy, Nezar"]
[Result "0-1"]
[WhiteElo "1517"]
[BlackElo "1631"]
[PlyCount "91"]
[EventDate "2004.??.??"]


1. e4 c5 2. Nf3 d6 3. d4 cxd4 4. Qxd4 Nf6 5. Bg5 a6 6. Nc3 Nc6 7. Qd2 e6 8.
O-O-O Be7 9. Bc4 b5 10. Bb3 Bb7 11. Rhe1 Na5 12. e5 Nxb3+ 13. axb3 Bxf3 14.
gxf3 dxe5 15. Qxd8+ Rxd8 16. Rxd8+ Bxd8 17. Ne4 Nxe4 18. Bxd8 Nd6 19. Ba5 f6
20. Bb4 Nf5 21. f4 Nd4 22. fxe5 Nc6 23. Bc5 fxe5 24. f4 exf4 25. Rxe6+ Kd7 26.
Rd6+ Kc7 27. Rd1 Rd8 28. Rg1 Rd7 29. Bf8 f3 30. Rf1 Rf7 31. Bc5 g5 32. Kd2 g4
33. Bf2 Ne7 34. Kd3 Kc6 35. c4 h5 36. c5 Nd5 37. Ra1 Nc7 38. b4 Rd7+ 39. Kc2
Re7 40. Bg3 Re6 41. Rd1 Nd5 42. Rd4 Re2+ 43. Kd3 Rxb2 44. Ke4 Rxb4 45. Ke5 Rxd4
46. Kxd4 0-1

[Event "Rodovremesterskabet Gruppe B 2004"]
[Site "Rodovre"]
[Date "2004.09.07"]
[Round "2"]
[White "Rohder, Bjarne"]
[Black "Jensen, Peder Raunso"]
[Result "1-0"]
[WhiteElo "1609"]
[BlackElo "1509"]
[PlyCount "39"]
[EventDate "2004.??.??"]


1. e4 e6 2. d4 d5 3. exd5 exd5 4. Nf3 Nf6 5. Bg5 Be7 6. Ne5 O-O 7. Bd3 Ne4 8.
Bxe7 Qxe7 9. O-O f6 10. Bxe4 dxe4 11. Nc4 Bf5 12. c3 Kh8 13. Nbd2 Nd7 14. Re1
Qf7 15. Qb3 Be6 16. Rxe4 Bd5 17. Ree1 Nb6 18. Qb4 Bxc4 19. Re7 Rae8 20. Rxf7
1-0

[Event "Rodovremesterskabet Gruppe B 2004"]
[Site "Rodovre"]
[Date "2004.09.07"]
[Round "2"]
[White "Hovhannes, Tutundjan"]
[Black "Nielsen, Niels Holger"]
[Result "1-0"]
[WhiteElo "1582"]
[BlackElo "1550"]
[PlyCount "78"]
[EventDate "2004.??.??"]


1. c4 Nf6 2. d4 g6 3. Nc3 Bg7 4. e4 d6 5. Bg5 O-O 6. Nf3 c5 7. d5 Nbd7 8. Be2
a6 9. O-O Rb8 10. Qc2 h6 11. Bd2 Nb6 12. Qc1 Kh7 13. Re1 e6 14. Bd3 Ng8 15. Re3
f5 16. exf5 exf5 17. Qc2 Nd7 18. Rae1 Ne5 19. Nxe5 dxe5 20. f3 Qd6 21. R3e2 Bd7
22. Rf2 b5 23. b3 Rf7 24. Ne2 bxc4 25. bxc4 f4 26. Nc3 Nf6 27. Bxg6+ Kg8 28.
Bxf7+ Kxf7 29. Ne4 Nxe4 30. Qxe4 Qf6 31. Bc3 Re8 32. Rb2 Bf5 33. Qe2 Re7 34.
Qd1 Qd6 35. Rbe2 h5 36. Qa1 Bd3 37. Bxe5 Qg6 38. Rd2 Bxc4 39. Bxg7 Qxg7 1-0

[Event "Rodovremesterskabet Gruppe B 2004"]
[Site "Rodovre"]
[Date "2004.09.07"]
[Round "2"]
[White "Christensen, Henning"]
[Black "Hansen, Ernst Mader"]
[Result "1-0"]
[WhiteElo "1636"]
[BlackElo "1517"]
[PlyCount "61"]
[EventDate "2004.??.??"]


1. d4 Nf6 2. c4 g6 3. Nc3 d5 4. cxd5 Nxd5 5. e4 Nxc3 6. bxc3 Bg7 7. Bc4 O-O 8.
Ne2 c5 9. Be3 cxd4 10. cxd4 Nc6 11. Rc1 Na5 12. Bd3 Bg4 13. f3 Bd7 14. Qd2 Rc8
15. O-O Rxc1 16. Rxc1 Nc6 17. Bb1 Qb8 18. Bf4 Qa8 19. d5 Ne5 20. Rc7 Rd8 21.
Qb4 e6 22. Rxb7 exd5 23. exd5 Bc8 24. Bg5 Rxd5 25. Rb8 Rd1+ 26. Kf2 Qc6 27. Be4
Nd3+ 28. Bxd3 Rxd3 29. Qe4 Qd7 30. Rxc8+ Qxc8 31. Qxd3 1-0

[Event "Rodovremesterskabet Gruppe B 2004"]
[Site "Rodovre"]
[Date "2004.09.07"]
[Round "2"]
[White "Madhy, Nezar"]
[Black "Johansen, Erik"]
[Result "1-0"]
[WhiteElo "1631"]
[BlackElo "1493"]
[PlyCount "92"]
[EventDate "2004.??.??"]


1. d4 Nf6 2. c4 e6 3. g3 c5 4. dxc5 Bxc5 5. Nf3 Nc6 6. Bg2 e5 7. O-O O-O 8. Nc3
d6 9. Na4 Qe7 10. Nxc5 dxc5 11. Qc2 h6 12. e4 Be6 13. Re1 Rad8 14. Qc3 Bc8 15.
b3 Nd4 16. Ba3 b6 17. Nxd4 exd4 18. Qd3 Ng4 19. h3 Ne5 20. Qd1 d3 21. f4 Nc6
22. e5 Nd4 23. Qxd3 Bf5 24. Be4 Bxh3 25. Bb2 Bg4 26. Bxd4 Rxd4 27. Qc2 Kh8 28.
Bd5 g6 29. Qh2 Kg7 30. Re4 Rxe4 31. Bxe4 Rd8 32. Bd5 Qd7 33. Qh4 Re8 34. Qf6+
Kf8 35. Qh8+ Ke7 36. Qxh6 Qf5 37. Re1 Qh5 38. Qxh5 gxh5 39. Kf2 Kf8 40. Bf3 Rd8
41. Bxg4 hxg4 42. Ke3 f5 43. exf6 Re8+ 44. Kf2 Rxe1 45. Kxe1 Kf7 46. Kd2 Kxf6
1-0

[Event "Rodovremesterskabet Gruppe B 2004"]
[Site "Rodovre"]
[Date "2004.09.14"]
[Round "3"]
[White "Hansen, Ernst Mader"]
[Black "Hovhannes, Tutundjan"]
[Result "1/2-1/2"]
[WhiteElo "1517"]
[BlackElo "1582"]
[PlyCount "72"]
[EventDate "2004.??.??"]


1. e4 e5 2. Nf3 Nf6 3. Bc4 Nxe4 4. O-O d6 5. d4 f6 6. dxe5 fxe5 7. Qd5 Qd7 8.
Qxe4 h6 9. Qg6+ Kd8 10. Rd1 Qf5 11. Qxf5 Bxf5 12. Nxe5 Ke7 13. Nd3 Nc6 14. Re1+
Kf6 15. Nc3 Nd4 16. Nd5+ Kg6 17. Bb3 Nxb3 18. axb3 c6 19. N5f4+ Kf7 20. Be3 g5
21. Nh5 c5 22. f4 Kg6 23. Ng3 Bd7 24. Rf1 Be7 25. f5+ Kf7 26. f6 Bd8 27. Bd2 b5
28. Rae1 Bc6 29. Ne4 Bb6 30. Nxd6+ Kf8 31. c4 Rd8 32. Ne5 Rxd6 33. Nxc6 Rxd2
34. f7 Kg7 35. Re8 Rf8 36. Ne7 Rd8 1/2-1/2

[Event "Rodovremesterskabet Gruppe B 2004"]
[Site "Rodovre"]
[Date "2004.09.14"]
[Round "3"]
[White "Johansen, Erik"]
[Black "Christensen, Henning"]
[Result "0-1"]
[WhiteElo "1493"]
[BlackElo "1636"]
[PlyCount "56"]
[EventDate "2004.??.??"]


1. e4 e5 2. Nf3 Nc6 3. Bb5 Bc5 4. O-O Nge7 5. c3 Bb6 6. d4 exd4 7. cxd4 d5 8.
exd5 Nxd5 9. Nc3 O-O 10. Bxc6 bxc6 11. Ne5 Bb7 12. Na4 Re8 13. Nxb6 cxb6 14.
Re1 f6 15. Nf3 Qd7 16. Bd2 Rxe1+ 17. Qxe1 a5 18. Qe4 Re8 19. Qh4 Ne7 20. Re1 c5
21. Qg3 cxd4 22. Nxd4 Qxd4 23. Bc3 Qd8 24. Bxf6 Ng6 25. Qb3+ Kh8 26. Rxe8+ Qxe8
27. Bc3 Qe4 28. f3 Qe3+ 0-1

[Event "Rodovremesterskabet Gruppe B 2004"]
[Site "Rodovre"]
[Date "2004.09.29"]
[Round "3"]
[White "Jensen, Peder Raunso"]
[Black "Madhy, Nezar"]
[Result "1/2-1/2"]
[WhiteElo "1509"]
[BlackElo "1631"]
[PlyCount "41"]
[EventDate "2004.??.??"]


1. d4 Nf6 2. c4 e6 3. Nf3 b6 4. Nc3 Bb7 5. Bg5 h6 6. Bf4 Bb4 7. Qb3 c5 8. a3
Bxc3+ 9. bxc3 Ne4 10. e3 O-O 11. Bd3 cxd4 12. cxd4 d6 13. O-O Qe7 14. Rfd1 Nd7
15. Bxe4 Bxe4 16. Qb4 Bxf3 17. gxf3 e5 18. dxe5 Nxe5 19. Bxe5 Qxe5 20. Qxd6
Qxd6 21. Rxd6 1/2-1/2

[Event "Rodovremesterskabet Gruppe B 2004"]
[Site "Rodovre"]
[Date "2004.09.21"]
[Round "4"]
[White "Christensen, Henning"]
[Black "Jensen, Peder Raunso"]
[Result "1-0"]
[WhiteElo "1636"]
[BlackElo "1509"]
[PlyCount "43"]
[EventDate "2004.??.??"]


1. d4 e6 2. c4 d5 3. Nc3 Nf6 4. Bg5 Be7 5. e3 O-O 6. Nf3 b6 7. Bxf6 Bxf6 8.
cxd5 exd5 9. Bd3 Nc6 10. h4 Bg4 11. Bxh7+ Kh8 12. Bb1 Bh5 13. g4 Bxg4 14. Qd3
g6 15. h5 Bxf3 16. hxg6+ Kg7 17. Rh7+ Kg8 18. g7 Be4 19. Nxe4 Kxh7 20. Ng3+ Kh6
21. Qh7+ Kg5 22. Qh5# 1-0

[Event "Rodovremesterskabet Gruppe B 2004"]
[Site "Rodovre"]
[Date "2004.09.21"]
[Round "4"]
[White "Hansen, Ernst Mader"]
[Black "Johansen, Erik"]
[Result "0-1"]
[WhiteElo "1517"]
[BlackElo "1493"]
[PlyCount "80"]
[EventDate "2004.??.??"]


1. e4 c5 2. Nf3 Nc6 3. d4 cxd4 4. Nxd4 d6 5. Be2 g6 6. O-O Bg7 7. Nxc6 bxc6 8.
Kh1 Nf6 9. e5 dxe5 10. Qxd8+ Kxd8 11. Rd1+ Kc7 12. Bd2 a5 13. Na3 Nd5 14. Nc4
a4 15. Ba5+ Kb7 16. Be1 Bf5 17. Na3 Rhd8 18. g4 Be6 19. f3 Ne3 20. Rd3 Rxd3 21.
cxd3 Bd5 22. Bc3 Nxg4 23. Kg1 Ne3 24. Kf2 Nf5 25. Nc4 Bxc4 26. dxc4 Nd4 27. Bd1
c5 28. Rb1 Bh6 29. f4 Bxf4 30. Bxd4 cxd4 31. Bf3+ Kb8 32. Bxa8 Kxa8 33. b4 Bd2
34. b5 d3 35. c5 e4 36. h3 e3+ 37. Kf1 e2+ 38. Kf2 Kb7 39. a3 e5 40. h4 e4 0-1

[Event "Rodovremesterskabet Gruppe B 2004"]
[Site "Rodovre"]
[Date "2004.09.21"]
[Round "4"]
[White "Madhy, Nezar"]
[Black "Nielsen, Niels Holger"]
[Result "1/2-1/2"]
[WhiteElo "1631"]
[BlackElo "1550"]
[PlyCount "50"]
[EventDate "2004.??.??"]


1. d4 Nf6 2. c4 g6 3. g3 Bg7 4. Bg2 O-O 5. Nf3 d6 6. O-O Nbd7 7. Nbd2 e5 8.
dxe5 dxe5 9. Qc2 c6 10. Rd1 Qc7 11. e4 b6 12. b3 Bb7 13. Nf1 Rfe8 14. Bb2 Nc5
15. Ne1 Nfd7 16. Ne3 Rad8 17. b4 Ne6 18. Nf3 Qb8 19. Rd2 Ndf8 20. Rad1 Rxd2 21.
Rxd2 c5 22. bxc5 bxc5 23. Nd5 Nd4 24. Nxd4 exd4 25. Qd3 Nd7 1/2-1/2

[Event "Rodovremesterskabet Gruppe B 2004"]
[Site "Rodovre"]
[Date "2004.09.21"]
[Round "4"]
[White "Hovhannes, Tutundjan"]
[Black "Rohder, Bjarne"]
[Result "0-1"]
[WhiteElo "1582"]
[BlackElo "1609"]
[PlyCount "114"]
[EventDate "2004.??.??"]


1. c4 e5 2. e3 Nc6 3. Nc3 Nf6 4. g3 Bc5 5. Bg2 Nb4 6. d4 exd4 7. exd4 Bxd4 8.
Nge2 Qe7 9. O-O Bb6 10. a3 Nc6 11. Bg5 O-O 12. Nd5 Qe5 13. Nxf6+ gxf6 14. Bh6
Re8 15. Nc3 d6 16. Qd3 Bf5 17. Qd2 Qd4 18. Nd5 Kh8 19. Nxb6 Qxd2 20. Bxd2 axb6
21. Bc3 Kg7 22. Rfe1 Na5 23. Bxa5 bxa5 24. Bxb7 Rxe1+ 25. Rxe1 Rb8 26. Bc6 Rb6
27. Ba4 Rxb2 28. Re7 c5 29. Ra7 Ra2 30. Rxa5 Rxa3 31. Ra6 Be4 32. Bb5 Rxa6 33.
Bxa6 Bd3 34. f3 d5 35. Kf2 d4 36. Ke1 f5 37. Kd2 Bf1 38. Ke1 Bg2 39. Bb7 Kf6
40. Kf2 Bh3 41. f4 Ke7 42. Bd5 f6 43. Bg8 h6 44. Bd5 Kd6 45. Bf3 Kc7 46. Ke2
Kb6 47. Kd3 Ka5 48. Be2 Kb4 49. Kc2 Bg2 50. Kb2 Be4 51. Kc1 d3 52. Bf1 Kxc4 53.
Kd2 Kd4 54. Bh3 c4 55. g4 c3+ 56. Kc1 Ke3 57. gxf5 d2+ 0-1

[Event "Rodovremesterskabet Gruppe B 2004"]
[Site "Rodovre"]
[Date "2004.09.28"]
[Round "5"]
[White "Johansen, Erik"]
[Black "Hovhannes, Tutundjan"]
[Result "1/2-1/2"]
[WhiteElo "1493"]
[BlackElo "1582"]
[PlyCount "52"]
[EventDate "2004.??.??"]


1. e4 c5 2. Nf3 d6 3. d4 cxd4 4. Nxd4 Nf6 5. Nc3 a6 6. a3 e6 7. Bc4 Nxe4 8. O-O
Nf6 9. Bg5 Be7 10. Re1 O-O 11. Qe2 Re8 12. Nxe6 fxe6 13. Bxe6+ Kh8 14. Bf7 Bg4
15. f3 Qb6+ 16. Kh1 Bxf3 17. gxf3 Nbd7 18. Bxe8 Rxe8 19. Rab1 h6 20. Bxf6 Nxf6
21. Qd2 Qc6 22. Ne4 Nh5 23. Re3 d5 24. Rc3 Qe6 25. Nc5 Qf7 26. b4 Bg5 1/2-1/2

[Event "Rodovremesterskabet Gruppe B 2004"]
[Site "Rodovre"]
[Date "2004.09.28"]
[Round "5"]
[White "Rohder, Bjarne"]
[Black "Madhy, Nezar"]
[Result "0-1"]
[WhiteElo "1609"]
[BlackElo "1631"]
[PlyCount "46"]
[EventDate "2004.??.??"]


1. d4 Nf6 2. Nc3 b6 3. Bg5 e6 4. e4 h6 5. Bh4 g5 6. Bg3 Bb4 7. Bd3 Bb7 8. Qe2
Nc6 9. Nf3 g4 10. Ne5 Nxd4 11. Qe3 Bc5 12. Qc1 d6 13. Nc4 d5 14. exd5 Nxd5 15.
Be5 f6 16. Bg6+ Ke7 17. Nxd5+ Qxd5 18. Bxd4 Qxd4 19. Ne3 Bxg2 20. Rg1 Bf3 21.
c3 Qe5 22. Rg3 f5 23. h3 f4 0-1

[Event "Rodovremesterskabet Gruppe B 2004"]
[Site "Rodovre"]
[Date "2004.09.28"]
[Round "5"]
[White "Jensen, Peder Raunso"]
[Black "Hansen, Ernst Mader"]
[Result "0-1"]
[WhiteElo "1509"]
[BlackElo "1517"]
[PlyCount "101"]
[EventDate "2004.??.??"]


1. d4 Nf6 2. c4 g6 3. Nc3 d5 4. cxd5 Nxd5 5. e4 Nxc3 6. bxc3 c5 7. Be3 Bg7 8.
Bc4 Qa5 9. Ne2 Nc6 10. O-O cxd4 11. cxd4 O-O 12. Rb1 e6 13. Bd2 Qd8 14. Bc3 a6
15. a4 Rb8 16. d5 Ne5 17. Bxa6 exd5 18. exd5 Qh4 19. Bxe5 Bxe5 20. f4 Bd6 21.
Bb5 b6 22. Qd2 Qf6 23. Kh1 Bb7 24. Nc3 Rfd8 25. Ne4 Qe7 26. Rbe1 Bb4 27. Nf6+
Qxf6 28. Qxb4 Bxd5 29. Rd1 Qf5 30. Qb2 Be4 31. Rde1 Qd5 32. Qf2 Rdc8 33. Rd1
Qb7 34. Kg1 Rc2 35. Rd2 Rxd2 36. Qxd2 Rc8 37. Rc1 Rxc1+ 38. Qxc1 Bxg2 39. Qd2
Bh3 40. Qd8+ Kg7 41. Qd4+ Kg8 42. Qd8+ Kg7 43. Qd2 Qf3 44. Qd4+ f6 45. Qd2 Qg4+
46. Kf2 Qg2+ 47. Ke3 Qg1+ 48. Kd3 Bf1+ 49. Ke4 Bxb5 50. axb5 Qc5 51. Qd8 0-1

[Event "Rodovremesterskabet Gruppe B 2004"]
[Site "Rodovre"]
[Date "2004.09.28"]
[Round "5"]
[White "Nielsen, Niels Holger"]
[Black "Christensen, Henning"]
[Result "1/2-1/2"]
[WhiteElo "1550"]
[BlackElo "1636"]
[PlyCount "103"]
[EventDate "2004.??.??"]


1. e4 e5 2. Nf3 Nc6 3. Bb5 Bc5 4. c3 f5 5. exf5 e4 6. Nd4 Nf6 7. O-O Bxd4 8.
cxd4 Nxd4 9. Bc4 d5 10. Bb3 Bxf5 11. Nc3 Qd6 12. Ba4+ c6 13. d3 Ng4 14. g3 Nf3+
15. Kg2 Qe6 16. dxe4 Bxe4 17. Nxe4 Qxe4 18. Qxf3 Qxf3+ 19. Kxf3 Nxh2+ 20. Kg2
Nxf1 21. Kxf1 Kd7 22. Be3 b6 23. Rd1 b5 24. Bc2 h5 25. Bd4 h4 26. g4 Kd6 27. b3
c5 28. Be3 d4 29. b4 Ke5 30. f4+ Kf6 31. g5+ Ke7 32. Bc1 h3 33. bxc5 a5 34. Kg1
h2+ 35. Kg2 Rac8 36. Re1+ Kf8 37. Kh1 Rxc5 38. Bb3 Rc3 39. Bd2 a4 40. Bd5 b4
41. g6 Rhh3 42. Bc6 Rhe3 43. Bxe3 Rxe3 44. Rd1 b3 45. axb3 a3 46. Kxh2 a2 47.
Ba4 d3 48. Kg2 d2 49. Rxd2 a1=Q 50. Rd8+ Ke7 51. Re8+ Kf6 52. Rxe3 1/2-1/2

[Event "Rodovremesterskabet Gruppe B 2004"]
[Site "Rodovre"]
[Date "2004.10.05"]
[Round "6"]
[White "Hovhannes, Tutundjan"]
[Black "Madhy, Nezar"]
[Result "1/2-1/2"]
[WhiteElo "1582"]
[BlackElo "1631"]
[PlyCount "45"]
[EventDate "2004.??.??"]


1. Nf3 Nf6 2. c4 b6 3. e3 Bb7 4. Nc3 e6 5. a3 Be7 6. d4 O-O 7. Bd3 c5 8. O-O d5
9. b3 Nbd7 10. Bb2 cxd4 11. Nxd4 Ne5 12. Be2 dxc4 13. Bxc4 Nxc4 14. bxc4 Rc8
15. Qb3 Qc7 16. Ncb5 Qxc4 17. Nxa7 Qxb3 18. Nxb3 Rc2 19. Bxf6 Bxf6 20. Nd4 Bxd4
21. exd4 Ba6 22. Rfb1 Rb8 23. Nb5 1/2-1/2

[Event "Rodovremesterskabet Gruppe B 2004"]
[Site "Rodovre"]
[Date "2004.10.05"]
[Round "6"]
[White "Johansen, Erik"]
[Black "Jensen, Peder Raunso"]
[Result "1/2-1/2"]
[WhiteElo "1493"]
[BlackElo "1509"]
[PlyCount "32"]
[EventDate "2004.??.??"]


1. e4 e5 2. Nf3 Nc6 3. Bb5 a6 4. Ba4 Nf6 5. d3 b5 6. Bb3 d6 7. h3 Be7 8. O-O
O-O 9. Nc3 Na5 10. Ne2 Nxb3 11. axb3 c5 12. Be3 Bb7 13. Ng3 Bc8 14. Bd2 Qc7 15.
Re1 Bd7 16. Qe2 Ne8 1/2-1/2

[Event "Rodovremesterskabet Gruppe B 2004"]
[Site "Rodovre"]
[Date "2004.10.05"]
[Round "6"]
[White "Christensen, Henning"]
[Black "Rohder, Bjarne"]
[Result "1-0"]
[WhiteElo "1636"]
[BlackElo "1609"]
[PlyCount "37"]
[EventDate "2004.??.??"]


1. d4 d5 2. c4 Nf6 3. cxd5 Nxd5 4. Nf3 e6 5. e4 Nb6 6. Be3 Nc6 7. Nc3 Be7 8.
Rc1 a6 9. Bd3 Bd7 10. d5 exd5 11. exd5 Na7 12. O-O O-O 13. Bb1 Nac8 14. Ne5 Bd6
15. f4 Bb4 16. Rf3 Bxc3 17. Rxc3 Be6 18. Qc2 f5 19. dxe6 1-0

[Event "Rodovremesterskabet Gruppe B 2004"]
[Site "Rodovre"]
[Date "2004.10.17"]
[Round "6"]
[White "Hansen, Ernst Mader"]
[Black "Nielsen, Niels Holger"]
[Result "1-0"]
[WhiteElo "1517"]
[BlackElo "1550"]
[PlyCount "75"]
[EventDate "2004.??.??"]


1. e4 c5 2. Nf3 d6 3. d4 cxd4 4. Qxd4 Nc6 5. Bb5 Bd7 6. Bxc6 Bxc6 7. Nc3 e5 8.
Qd3 h6 9. Be3 Nf6 10. h3 Be7 11. O-O-O Qa5 12. Kb1 O-O-O 13. Nd2 a6 14. Nb3 Qc7
15. Nd5 Nxd5 16. exd5 Bb5 17. Qf5+ Bd7 18. Qxf7 Bf6 19. Qg6 Rhf8 20. Qe4 Be7
21. Qb4 Bf5 22. Rd2 Rd7 23. Ka1 Bd8 24. c4 a5 25. Qa3 b6 26. f4 exf4 27. Bxf4
Kb7 28. Rc1 Bc2 29. Bxd6 Rxd6 30. Rdxc2 Be7 31. Qa4 Bg5 32. Rd1 Ka6 33. Nd4 Qc5
34. Ne6 Rxe6 35. dxe6 Qf5 36. Rf2 Qxf2 37. Qb5+ Ka7 38. Rd7+ 1-0

[Event "Rodovremesterskabet Gruppe B 2004"]
[Site "Rodovre"]
[Date "2004.10.19"]
[Round "7"]
[White "Nielsen, Niels Holger"]
[Black "Johansen, Erik"]
[Result "0-1"]
[WhiteElo "1550"]
[BlackElo "1493"]
[PlyCount "24"]
[EventDate "2004.??.??"]


1. e4 c5 2. Nf3 Nc6 3. d4 cxd4 4. Nxd4 Nf6 5. Nc3 g6 6. Be2 d6 7. O-O Bg7 8.
Be3 O-O 9. Qd2 Bd7 10. a3 Rc8 11. f3 a6 12. Bh6 Bxh6 0-1

[Event "Rodovremesterskabet Gruppe B 2004"]
[Site "Rodovre"]
[Date "2004.10.19"]
[Round "7"]
[White "Madhy, Nezar"]
[Black "Christensen, Henning"]
[Result "1/2-1/2"]
[WhiteElo "1631"]
[BlackElo "1636"]
[PlyCount "44"]
[EventDate "2004.??.??"]


1. d4 Nf6 2. c4 e6 3. g3 Bb4+ 4. Bd2 Qe7 5. Bg2 Nc6 6. e3 O-O 7. a3 Bxd2+ 8.
Qxd2 a5 9. Ne2 d6 10. Nbc3 e5 11. Nd5 Qd8 12. O-O Re8 13. Nec3 Nxd5 14. Nxd5
Ne7 15. Nc3 Ng6 16. Rad1 Bg4 17. Rc1 Qc8 18. Nd5 e4 19. c5 Bf3 20. cxd6 Bxg2
21. Kxg2 Nh4+ 22. gxh4 Qg4+ 1/2-1/2

[Event "Rodovremesterskabet Gruppe B 2004"]
[Site "Rodovre"]
[Date "2004.10.19"]
[Round "7"]
[White "Jensen, Peder Raunso"]
[Black "Hovhannes, Tutundjan"]
[Result "1/2-1/2"]
[WhiteElo "1509"]
[BlackElo "1582"]
[PlyCount "97"]
[EventDate "2004.??.??"]


1. d4 d5 2. e3 Bf5 3. c4 e6 4. Qb3 b6 5. Nf3 Nf6 6. Nc3 c6 7. Be2 Nbd7 8. O-O
Bd6 9. cxd5 exd5 10. Qd1 Qc7 11. h3 O-O 12. Nh4 Be6 13. Bd2 Rfe8 14. Bg4 Nxg4
15. hxg4 Nf6 16. Nf5 Bxf5 17. gxf5 Ne4 18. Rc1 Nxd2 19. Qxd2 Qe7 20. Qd1 Qh4
21. g3 Bxg3 22. fxg3 Qxg3+ 23. Kh1 Rxe3 24. Rc2 Rae8 25. Rg2 Qh4+ 26. Rh2 Rh3
27. Qd2 Ree3 28. Rff2 Rxh2+ 29. Rxh2 Re1+ 30. Kg2 Qg4+ 31. Kf2 Qg1+ 32. Kf3
Rf1+ 33. Rf2 Qh1+ 34. Ke2 Rxf2+ 35. Kxf2 Qh4+ 36. Kf1 Qh3+ 37. Ke1 Qxf5 38. Qh2
Qc8 39. Kd2 Qd8 40. a4 h6 41. b4 Kh7 42. b5 c5 43. dxc5 bxc5 44. Qe5 d4 45. Ne4
Qa5+ 46. Ke2 Qxa4 47. Qf5+ Kg8 48. Qc8+ Kh7 49. Qf5+ 1/2-1/2

[Event "Rodovremesterskabet Gruppe B 2004"]
[Site "Rodovre"]
[Date "2004.10.19"]
[Round "7"]
[White "Rohder, Bjarne"]
[Black "Hansen, Ernst Mader"]
[Result "0-1"]
[WhiteElo "1609"]
[BlackElo "1517"]
[PlyCount "40"]
[EventDate "2004.??.??"]


1. d4 Nf6 2. Nf3 g6 3. c3 Bg7 4. e4 Nxe4 5. Bd3 Nf6 6. Bg5 O-O 7. h4 d5 8. Ne5
Ne4 9. Nd2 f6 10. Nxe4 dxe4 11. h5 exd3 12. hxg6 fxe5 13. Qh5 hxg6 14. Qxg6 Bf5
15. Qh5 Qd6 16. Kd2 Nc6 17. Rae1 exd4 18. f4 dxc3+ 19. bxc3 Qa3 20. Re6 Qxa2+
0-1